| 000 | 01088cam a2200301 a 4500 | ||
|---|---|---|---|
| 001 | 13904188 | ||
| 005 | 20211206184509.0 | ||
| 008 | 050318s2005 pk a b 001 0 eng | ||
| 010 | _a 2005307287 | ||
| 020 | _a0975586017 | ||
| 040 |
_aDLC _cDLC |
||
| 042 | _alcode | ||
| 043 | _aa-pk--- | ||
| 050 | 0 | 0 |
_aDS383.5.A2 _bK53 2005 |
| 082 |
_a327.549100922 _bYAQ |
||
| 100 | 1 |
_aKhan, Sahabzada Yaqub. _985802 |
|
| 245 | 1 | 0 |
_aStrategy, diplomacy, humanity : _blife and work of Sahabzada Yaqub-Khan / _ccompiled, edited, introduced by Anwar Dil. |
| 250 | _a1st ed. | ||
| 260 |
_aIslamabad ; San Diego : _bInternational Forum Takshila Research University, _c2005. |
||
| 300 |
_a396 p. : _bill. ; _c27 cm. |
||
| 504 | _aIncludes bibliographical references and index. | ||
| 520 | _aLectures of an ex-Foreign Minister of Pakistan; includes his brief life sketch. | ||
| 651 | 0 |
_aPakistan _xForeign relations. _985803 |
|
| 700 | 1 |
_aDil, Anwar S. _985804 |
|
| 906 |
_a7 _bcbc _corigode _d3 _encip _f20 _gy-gencatlg |
||
| 942 |
_2ddc _cBK |
||
| 999 |
_c587116 _d587116 |
||